Industrial crystallization : proceedings of a symposium presented by the Institution of Chemical Engineers, London, 15-16 April 1969.

Guardado en:
Autor Corporativo: Symposium on Industrial Crystallization London)
Formato: Libro
Idioma:English
Publicado: London : Institution of Chemical Engineers, 1969.
Materias:
Etiquetas: Agregar Etiqueta
Sin Etiquetas, Sea el primero en etiquetar este registro!
LEADER 00721nam a22001695a 4500
001 EIQ.libpla002088
008 070416s1969####enka#####b####100#0#eng#d
005 20070416182059.0
245 1 0 |a Industrial crystallization :  |b proceedings of a symposium presented by the Institution of Chemical Engineers, London, 15-16 April 1969. 
260 |a London :  |b Institution of Chemical Engineers,  |c 1969. 
300 |a vi, 245 p. :  |b il. ;  |c 26 cm. 
504 |a Incluye referencias bibliográficas. 
111 2 |a Symposium on Industrial Crystallization  |d (1969 :  |c London) 
650 4 |a Cristalización  |x Congresos. 
650 4 |a Crystallization  |x Congresses. 
040 |a AR-BbSID  |b spa  |c AR-BbSID 
859 |a AR-BbSID  |b BIB. PLAPIQUI  |h 660.282 98  |i Sy 68  |p 4627